000 007520000a22002170004500
090 _aAR
_b03273
245 1 0 _aEvaluating predictive models of species distributions: criteria for selecting optimal models
041 0 _aInglés
650 1 4 _aModelación
_992835
650 1 4 _aAlgoritmo genético
_996865
650 1 4 _aDistribución potencial de especies
_996866
650 1 4 _aEcología de poblaciones
_93557
653 _gHeteromys
_eHeteromys anomalus
653 _gMicroryzomys
_eMicroryzomys minutus
653 _gCarpodacus
_eCarpodacus mexicanus
700 1 _aLew, Daniel
_994463
700 1 _aPeterson, A.Townsend
_996867
100 1 _aAnderson, Robert P.
_994185
942 _cARTICULO
773 1 _tEcological Modelling
_332
_q211-232
_d2003
_g162
999 _c12325
_d12325